Бурная жизнь Мирабо (Запись № 605281)

Подробности
000 -МАРКЕР
контрольное поле 01674nam0a2200349 4500
001 - ИДЕНТИФИКАТОР ЗАПИСИ
контрольное поле RU\NLR\bibl\1313265
005 - ИДЕНТИФИКАТОР ВЕРСИИ
контрольное поле 20260406100451.0
021 ## - НОМЕР ГОСУДАРСТВЕННОЙ РЕГИСТРАЦИИ
Код страны российская федерация
Номер 2008-89697
Номер Листа государственной регистраци 5241
035 ## - ДРУГИЕ СИСТЕМНЫЕ НОМЕРА
Идентификатор записи (nilc)EL/0000235109
035 ## - ДРУГИЕ СИСТЕМНЫЕ НОМЕРА
Идентификатор записи (NLR Aleph) 001298690
100 ## - ДАННЫЕ ОБЩЕЙ ОБРАБОТКИ
Данные общей обработки 20081219d2008 |||y0rusy50 ca
101 0# - ЯЗЫК РЕСУРСА
Язык текста, звукозаписи и т.д. русский
102 ## - СТРАНА ПУБЛИКАЦИИ ИЛИ ПРОИЗВОДСТВА
Страна публикации российская федерация
105 ## - ПОЛЕ КОДИРОВАННЫХ ДАННЫХ: ТЕКСТОВЫЕ МАТЕРИАЛЫ, МОНОГРАФИЧЕСКИЕ
Кодированные данные о монографическом текстовом документе a |||||||||
200 1# - ЗАГЛАВИЕ И СВЕДЕНИЯ ОБ ОТВЕТСТВЕННОСТИ
Основное заглавие Бурная жизнь Мирабо
Первые сведения об ответственности Анри де Жувенель
210 ## - ПУБЛИКАЦИЯ, РАСПРОСТРАНЕНИЕ И ДР.
Место издания, распространения и т.д. Москва
Имя издателя, распространителя и т. д. Подвиг
-- СМ
Дата издания, распространения и т.д. 2008
215 ## - ФИЗИЧЕСКАЯ ХАРАКТЕРИСТИКА
Специфическое обозначение материала и объем 284, [3] с.
Другие сведения о физической характеристике ил., портр.
Размеры 20
225 1# - СЕРИЯ
Основное заглавие серии Кентавр
Сведения, относящиеся к заглавию исторический бестселлер
Наименование части Революционеры и царедворцы
Обозначение тома 6.2008
423 #0 - ИЗДАЕТСЯ В ОДНОЙ ОБЛОЖКЕ ВМЕСТЕ С ...
Встроенное поле 2001#$aУренский царь$eповесть$fБорис Ширяев$g[Ольга Акулинина]
-- 700#1$3RU\NLR\auth\7724440$aШиряев$bБ. Н.$f1889-1959$gБорис Николаевич$4070
-- 210##$aМосква$d2008
-- 215##$aС. 210-269$cил.
Заглавие Уренский царь
Автор Ширяев, Борис Николаевич (1889-1959)
610 1# - НЕКОНТРОЛИРУЕМЫЕ ПРЕДМЕТНЫЕ ТЕРМИНЫ
Предметный термин исторические романы (х.л.)
686 ## - ИНДЕКСЫ ДРУГИХ КЛАССИФИКАЦИЙ
Индекс 84(0)-4
Издание LBC/RL
Код системы
686 ## - ИНДЕКСЫ ДРУГИХ КЛАССИФИКАЦИЙ
Индекс Ш6(0)07-446{Лх150-60}
700 #1 - ИМЯ ЛИЦА - ПЕРВИЧНАЯ ОТВЕТСТВЕННОСТЬ
Код отношения Автор
Графика поля Кириллица
Материалы, к которым относится поле rus
Начальный элемент ввода Жувенель
Часть имени, кроме начального элемента ввода А. де
Даты 1876-1935
Расширение инициалов личного имени Анри де
Системный номер авторитетной/нормативной записи 177929
Идентификатор авторитетной/нормативной записи RU\NLR\AUTH\770177980
702 #1 - ИМЯ ЛИЦА - ВТОРИЧНАЯ ОТВЕТСТВЕННОСТЬ
Код отношения Карикатурист, Художник
Материалы, к которым относится поле rus
Графика поля Кириллица
Начальный элемент ввода Акулинина
Часть имени, кроме начального элемента ввода О. И.
Дополнения к именам, кроме дат художник
Расширение инициалов личного имени Ольга Игоревна
Идентификатор авторитетной/нормативной записи RU\NLR\auth\7776728
Системный номер авторитетной/нормативной записи 59656
801 #0 - ИСТОЧНИК ЗАПИСИ
Страна российская федерация
Организация НБР Коми
Дата составления 20081219
Правила каталогизации rcr
801 #1 - ИСТОЧНИК ЗАПИСИ
Страна российская федерация
Организация НБР Коми
Дата составления 20081219
Источник данных rusmarc
801 #2 - ИСТОЧНИК ЗАПИСИ
Страна российская федерация
Организация NLR
Дата составления 20081226
Правила каталогизации rcr
942 ## - ДОПОЛНИТЕЛЬНЫЕ ЭЛЕМЕНТЫ ЗАПИСИ (АБИС)
Тип экземпляра АБИС Книга
980 ## - КОЛЛЕКЦИЯ
Название коллекции Национальная библиография
Экземпляры
Тип экземпляра Дата поступления Источник поступления Библиотека постоянного хранения Библиотека текущего хранения Место хранения Шифр хранения Штрих-код Статус не для выдачи
Книга 26.12.2008 Обязательный экземпляр РНБ (Московский) РНБ (Московский) Русский книжный фонд: издания с 1957 года, 9этаж 2008-3/38791 2824233  
Книга 26.12.2008 Обязательный экземпляр РНБ (Московский) РНБ (Московский) Русский книжный фонд: издания с 1957 года, 9этаж 2008-3/38791 2824234